000 00976nam a2200253 i 4500
001 99077
003 ES-MaACL
005 20230906182432.0
007 t|
008 051118s2001 sp d ||||1|cspa d
020 _a84-8468-036-3
080 _a271.5(091)(038)
080 _a929(100):271.5(038)
245 0 0 _aDiccionario histórico de la Compañía de Jesús
_b: biográfico-temático /
_cCharles E. O'Neill, Joaquín Mª Domínguez (directores).
260 _aMadrid :
_bUniversidad Pontificia Comillas,
_c2001.
300 _a4 v. (4110 p.) ;
_c31 cm.
500 _aEn la port.: Institutum Historicum.
505 8 _a1. AA-Costa Rica -- 2. Costa Rossetti-Industrias -- 3. Infante de Santiago-Piatkiewicz -- Piatti-Zwaans
610 2 7 _aJesuitas-
_xHistoria-
_vDiccionarios.
_95354
610 2 7 _aJesuitas-
_xBiografías-
_vDiccionarios.
_95349
700 1 _aO'Neill, Charles E.
_986350
700 1 _aDomínguez, Joaquín María.
_945165
852 _aES-MaACL
_jL-29274-77
999 _c99077
_d99077